Profecías del libro de Daniel / (Registro nro. 63290)
[ vista simple ]
| 000 -LEADER | |
|---|---|
| campo de control de longitud fija | 01555nam a22003254i 4500 |
| 003 - IDENTIFICADOR DE NÚMERO DE CONTROL | |
| campo de control | PE-LiUPU |
| 005 - FECHA Y HORA DE LA ÚLTIMA TRANSACCIÓN | |
| campo de control | 20260218090225.0 |
| 008 - DATOS DE LONGITUD FIJA--INFORMACIÓN GENERAL | |
| campo de control de longitud fija | 111001s2011 pe a b 000 0 spa d |
| 040 ## - FUENTE DE CATALOGACIÓN | |
| Centro catalogador/agencia de origen | PE-LiUPU |
| Lengua de catalogación | spa |
| Centro/agencia transcriptor | PE-LiUPU |
| Normas de descripción | rda |
| 082 04 - NÚMERO DE LA CLASIFICACIÓN DECIMAL DEWEY | |
| Número de clasificación | 224.5076 |
| Cutter | P964 |
| Número de edición | 23 |
| 245 00 - MENCIÓN DEL TÍTULO | |
| Título | Profecías del libro de Daniel / |
| Mención de responsabilidad, etc. | editado por Mario Riveros Echeverry y Álvaro Rodríguez. |
| 250 ## - MENCION DE EDICION | |
| Mención de edición | Primera edición. |
| 264 #1 - PRODUCCIÓN, PUBLICACIÓN, DISTRIBUCIÓN, FABRICACIÓN Y COPYRIGHT | |
| Producción, publicación, distribución, fabricación y copyright | Ñaña, Lima : |
| Nombre del de productor, editor, distribuidor, fabricante | Centro de Investigación E.G. White-Perú, Universidad Peruana Unión, |
| Fecha de producción, publicación, distribución, fabricación o copyright | 2011. |
| 300 ## - DESCRIPCIÓN FÍSICA | |
| Extensión | 180 páginas ; |
| Otras características físicas | 20 cm |
| 336 ## - TIPO DE CONTENIDO | |
| Término de tipo de contenido | text |
| Fuente | rdacontent |
| 337 ## - TIPO DE MEDIO | |
| Nombre/término del tipo de medio | unmediated |
| Fuente | rdamedia |
| 338 ## - TIPO DE SOPORTE | |
| Nombre/término del tipo de soporte | volume |
| Fuente | rdacarrier |
| 500 ## - NOTA GENERAL | |
| Nota general | Impreso en el Perú. |
| 504 ## - NOTA DE BIBLIOGRAFÍA, ETC. | |
| Nota de bibliografía, etc. | Incluye referencias bibliográficas. |
| 505 0# - NOTA DE CONTENIDO CON FORMATO | |
| Nota de contenido con formato | Relevancia histórica y vigencia del libro de Daniel -- Daniel y sus intérpretes -- La arqueología y Daniel -- Paralelos en Daniel 2, 7 y 8: vislumbres del futuro y la soberanía divina – El juicio pre-advenimiento -- El mensaje del santuario -- La interpretación de Daniel 11 -- Las profecías de tiempo en Daniel 12. |
| 630 14 - PUNTO DE ACCESO ADICIONAL DE MATERIA--TÍTULO UNIFORME | |
| Título uniforme | Biblia. |
| Nombre de parte o sección de la obra | Daniel |
| Subdivisión general | Profecías. |
| 650 10 - PUNTO DE ACCESO ADICIONAL DE MATERIA--TÉRMINO DE MATERIA | |
| Término de materia o nombre geográfico como elemento de entrada | Profecías bíblicas |
| 9 (RLIN) | 7857 |
| 650 14 - PUNTO DE ACCESO ADICIONAL DE MATERIA--TÉRMINO DE MATERIA | |
| Término de materia o nombre geográfico como elemento de entrada | Escatología adventista. |
| 700 ## - ENTRADA AGREGADA--NOMBRE PERSONAL | |
| Nombre de persona | Riveros Echeverry, Mario, |
| Término indicativo de función/relación | editor. |
| 9 (RLIN) | 8065 |
| 700 ## - ENTRADA AGREGADA--NOMBRE PERSONAL | |
| Nombre de persona | Rodríguez, Álvaro, |
| Término indicativo de función/relación | editor. |
| 9 (RLIN) | 8066 |
| 710 ## - ENTRADA AGREGADA--NOMBRE DE ENTIDAD CORPORATIVA | |
| Nombre de entidad corporativa o nombre de jurisdicción como elemento de entrada | Centro de Investigación E.G. White-Perú, |
| Término indicativo de función/relación | editor. |
| 9 (RLIN) | 8067 |
| 710 2# - ENTRADA AGREGADA--NOMBRE DE ENTIDAD CORPORATIVA | |
| Nombre de entidad corporativa o nombre de jurisdicción como elemento de entrada | Universidad Peruana Unión, |
| Término indicativo de función/relación | editor. |
| 942 ## - ELEMENTOS DE ENTRADA SECUNDARIOS (KOHA) | |
| Fuente del sistema de clasificación o colocación | Clasificación Decimal Dewey |
| Tipo de ítem Koha | Libros físicos |
| 980 ## - EQUIVALENCIA O REFERENCIA-CRUZADA-MENCIÓN DE SERIE--NOMBRE DE PERSONA/TÍTULO [LOCAL, CANADÁ] | |
| ID del usuario creador del registro | 18228 |
| Nombre del creador del registro | Rebeca Esther Huerta Leyton |
| ID del último usuario que modificó el registro | 18226 |
| Nombre del último usuario que modificó el registro | Jaime Vilcazán Jefe de Análisis Documental |
| Visto por última vez | Total de préstamos | Signatura topográfica completa | Código de barras | Copia número | Coste, precio de reemplazo | Fecha de reemplazo | Facultad | Tipo de ítem Koha | Estado de pérdida | Fuente del sistema de clasificación o colocación | Restricciones de uso | No para préstamo | Colección | Programa académico | Biblioteca de origen | Biblioteca actual | Ubicación en estantería | Fecha de adquisición | Fuente de adquisición |
|---|---|---|---|---|---|---|---|---|---|---|---|---|---|---|---|---|---|---|---|
| 2026-03-15 | 224.5076 P964 | 83080 | e1 | 22.00 | 2026-02-16 | Teología | Libros físicos | No Perdido | Clasificación Decimal Dewey | No restringido | Disponible para préstamos | Colección General | Teología | Biblioteca CRAI UPeU Lima | Biblioteca CRAI UPeU Lima | Sala principal | 2025-12-10 | Donación, David Echevarría |